[Event "DVM U20 2023"]
[Site "Magdeburg GER"]
[Date "2023.12.27"]
[Round "2"]
[White "Beliaev, Maksim"]
[Black "Schulter, Moritz"]
[Result "0-1"]
[Termination "normal"]
[Board "8.6"]
[WhiteElo "1086"]
[BlackElo "1594"]
[WhiteClock "01:02:52"]
[BlackClock "00:00:32"]
[WhiteTeam "SF Essen-Katernberg 04/32"]
[BlackTeam "ESV Gera"]
[PlyCount "92"]
[BlackFideId "16245067"]
[EventCountry "GER"]
[EventRounds "7"]
[EventType "team-swiss"]
[EventDate "2023.12.26"]

1. e4 {[%clk 01:30:57]} {[%emt 00:00:03]} e6 {[%clk 01:30:56]} {[%emt
00:00:04]} 2. d4 {[%clk 01:31:22]} {[%emt 00:00:05]} d5 {[%clk 01:31:25]} 3.
exd5 {[%clk 01:31:44]} {[%emt 00:00:09]} exd5 {[%clk 01:31:54]} {[%emt
00:00:01]} 4. Nc3 {[%clk 01:32:07]} {[%emt 00:00:06]} Nf6 {[%clk 01:31:02]}
{[%emt 00:01:23]} 5. Bf4 {[%clk 01:30:00]} {[%emt 00:02:37]} Bb4 {[%clk
01:24:24]} {[%emt 00:07:07]} 6. Bd3 {[%clk 01:25:48]} {[%emt 00:04:42]} O-O
{[%clk 01:13:35]} {[%emt 00:11:18]} 7. Nge2 {[%clk 01:25:01]} {[%emt 00:01:16]}
Bg4 {[%clk 00:59:39]} {[%emt 00:14:27]} 8. f3 {[%clk 01:23:53]} {[%emt
00:01:36]} Bh5 {[%clk 00:56:03]} {[%emt 00:04:06]} 9. Qd2 {[%clk 01:23:21]}
{[%emt 00:01:02]} Nbd7 {[%clk 00:51:33]} {[%emt 00:05:01]} 10. O-O-O {[%clk
01:21:22]} {[%emt 00:02:27]} b6 {[%clk 00:47:07]} {[%emt 00:04:57]} 11. g4
{[%clk 01:21:17]} {[%emt 00:00:35]} Bg6 {[%clk 00:47:30]} {[%emt 00:00:07]} 12.
Bxg6 {[%clk 01:20:59]} {[%emt 00:00:49]} fxg6 {[%clk 00:43:27]} {[%emt
00:04:32]} 13. a3 {[%clk 01:19:32]} {[%emt 00:02:02]} Be7 {[%clk 00:41:33]}
{[%emt 00:02:19]} 14. Ng3 {[%clk 01:17:16]} {[%emt 00:02:47]} c6 {[%clk
00:38:13]} {[%emt 00:03:50]} 15. g5 {[%clk 01:13:51]} {[%emt 00:03:54]} Ne8
{[%clk 00:34:17]} {[%emt 00:04:26]} 16. h4 {[%clk 01:12:12]} {[%emt 00:02:09]}
Nd6 {[%emt 00:03:26]} 17. Qe2 {[%clk 01:10:20]} {[%emt 00:02:19]} Rxf4 {[%clk
00:28:22]} {[%emt 00:03:33]} 18. Qe6+ {[%clk 01:08:05]} {[%emt 00:02:45]} Rf7
{[%clk 00:26:29]} {[%emt 00:02:22]} 19. h5 {[%clk 01:08:07]} {[%emt 00:00:27]}
Nf8 {[%clk 00:22:56]} {[%emt 00:04:04]} 20. Qe5 {[%clk 01:06:30]} {[%emt
00:02:06]} Bxg5+ {[%clk 00:19:57]} {[%emt 00:03:30]} 21. Kb1 {[%clk 01:06:45]}
{[%emt 00:00:14]} Bf4 {[%clk 00:19:24]} {[%emt 00:01:04]} 22. Qe1 {[%clk
01:06:28]} {[%emt 00:00:47]} g5 {[%clk 00:18:06]} {[%emt 00:01:50]} 23. Nge2
{[%clk 01:05:13]} {[%emt 00:01:43]} Qf6 {[%clk 00:14:37]} {[%emt 00:03:59]} 24.
Nxf4 {[%clk 01:04:17]} {[%emt 00:01:26]} Qxf4 {[%clk 00:10:59]} {[%emt
00:04:09]} 25. h6 {[%clk 01:04:10]} {[%emt 00:00:37]} g6 {[%clk 00:08:48]}
{[%emt 00:02:42]} 26. Ne2 {[%clk 01:04:04]} {[%emt 00:00:35]} Qf6 {[%clk
00:06:37]} {[%emt 00:02:41]} 27. Rf1 {[%clk 01:04:06]} {[%emt 00:00:27]} Re8
{[%clk 00:06:39]} {[%emt 00:00:30]} 28. f4 {[%clk 01:03:13]} {[%emt 00:01:22]}
gxf4 {[%clk 00:06:09]} {[%emt 00:01:00]} 29. Rf3 {[%clk 01:02:42]} {[%emt
00:01:01]} Ne6 {[%clk 00:05:38]} {[%emt 00:01:02]} 30. Nxf4 {[%clk 01:01:37]}
{[%emt 00:01:33]} Nxf4 {[%clk 00:05:29]} {[%emt 00:00:40]} 31. Qf1 {[%clk
01:01:33]} {[%emt 00:00:34]} g5 {[%clk 00:05:02]} {[%emt 00:00:57]} 32. Rdd3
{[%clk 01:01:17]} {[%emt 00:00:45]} Qxh6 {[%clk 00:04:25]} {[%emt 00:01:09]}
33. Rd2 {[%clk 01:00:54]} {[%emt 00:00:51]} Ref8 {[%clk 00:03:06]} {[%emt
00:01:50]} 34. Rg3 {[%clk 01:01:10]} {[%emt 00:00:14]} Ne4 {[%clk 00:03:01]}
{[%emt 00:00:35]} 35. Qg1 {[%clk 01:00:53]} {[%emt 00:00:47]} Nxd2+ {[%clk
00:03:08]} {[%emt 00:00:23]} 36. Ka2 {[%clk 01:01:10]} {[%emt 00:00:14]} Ne4
{[%clk 00:03:20]} {[%emt 00:00:17]} 37. Rg4 {[%clk 01:01:16]} {[%emt 00:00:22]}
Rg7 {[%clk 00:02:44]} {[%emt 00:01:08]} 38. Qe3 {[%clk 01:01:00]} {[%emt
00:00:46]} Qh3 {[%clk 00:02:22]} {[%emt 00:00:52]} 39. Qg1 {[%clk 01:01:17]}
{[%emt 00:00:14]} a6 {[%clk 00:01:51]} {[%emt 00:01:01]} 40. b4 {[%clk
01:01:34]} {[%emt 00:00:12]} c5 {[%clk 00:01:29]} {[%emt 00:00:54]} 41. dxc5
{[%clk 01:01:55]} {[%emt 00:00:08]} bxc5 {[%clk 00:01:33]} {[%emt 00:00:26]}
42. bxc5 {[%clk 01:02:19]} {[%emt 00:00:06]} Qc3 {[%clk 00:01:14]} {[%emt
00:00:47]} 43. Qh1 {[%clk 01:01:56]} {[%emt 00:00:54]} Rb8 {[%clk 00:00:46]}
{[%emt 00:00:57]} 44. Qb1 {[%clk 01:02:03]} {[%emt 00:00:24]} Rxb1 {[%clk
00:00:43]} {[%emt 00:00:33]} 45. Kxb1 {[%clk 01:02:30]} {[%emt 00:00:03]} Rb7+
{[%clk 00:00:35]} {[%emt 00:00:38]} 46. Kc1 {[%clk 01:02:52]} {[%emt 00:00:08]}
Qe1# {[%clk 00:00:32]} {[%emt 00:00:03]} 0-1

[Event "DVM U20 2023"]
[Site "Magdeburg GER"]
[Date "2023.12.28"]
[Round "3"]
[White "Garner, Isaac"]
[Black "Schröder, Lennart"]
[Result "1-0"]
[Termination "normal"]
[Board "1.2"]
[WhiteElo "2297"]
[BlackElo "2107"]
[WhiteClock "00:33:20"]
[BlackClock "00:54:51"]
[WhiteTeam "Hamburger SK 1830"]
[BlackTeam "SK Münster 32"]
[PlyCount "73"]
[WhiteFideId "16239261"]
[BlackFideId "16222490"]
[EventCountry "GER"]
[EventRounds "7"]
[EventType "team-swiss"]
[EventDate "2023.12.26"]

1. Nf3 {[%clk 01:30:57]} {[%emt 00:00:02]} Nf6 {[%clk 01:30:50]} {[%emt
00:00:11]} 2. c4 {[%clk 01:31:22]} {[%emt 00:00:05]} g6 {[%clk 01:30:51]}
{[%emt 00:00:30]} 3. Nc3 {[%clk 01:31:47]} {[%emt 00:00:05]} d5 {[%clk
01:31:05]} {[%emt 00:00:16]} 4. cxd5 {[%clk 01:32:12]} {[%emt 00:00:05]} Nxd5
{[%clk 01:31:07]} {[%emt 00:00:28]} 5. h4 {[%clk 01:32:08]} {[%emt 00:00:34]}
h6 {[%clk 01:30:27]} {[%emt 00:01:11]} 6. e4 {[%clk 01:32:20]} {[%emt
00:00:17]} Nxc3 {[%clk 01:30:22]} {[%emt 00:00:35]} 7. bxc3 {[%clk 01:32:45]}
{[%emt 00:00:05]} Bg7 {[%clk 01:30:38]} {[%emt 00:00:14]} 8. d4 {[%clk
01:33:10]} {[%emt 00:00:05]} c5 {[%clk 01:29:39]} {[%emt 00:01:28]} 9. Be2
{[%clk 01:33:36]} {[%emt 00:00:05]} O-O {[%clk 01:26:36]} {[%emt 00:03:32]} 10.
O-O {[%clk 01:26:28]} {[%emt 00:07:38]} Bg4 {[%clk 01:24:00]} {[%emt 00:03:06]}
11. Rb1 {[%clk 01:25:15]} {[%emt 00:01:43]} b6 {[%clk 01:18:35]} {[%emt
00:05:55]} 12. d5 {[%clk 01:10:23]} {[%emt 00:15:23]} Bxc3 {[%clk 01:13:54]}
{[%emt 00:05:12]} 13. Bxh6 {[%clk 01:10:35]} {[%emt 00:00:17]} Bg7 {[%clk
01:14:00]} {[%emt 00:00:24]} 14. Bxg7 {[%clk 01:05:42]} {[%emt 00:05:24]} Kxg7
{[%clk 01:14:22]} {[%emt 00:00:08]} 15. Ng5 {[%clk 01:05:51]} {[%emt 00:00:20]}
Bxe2 {[%clk 01:13:26]} {[%emt 00:01:27]} 16. Qxe2 {[%clk 01:06:11]} {[%emt
00:00:10]} Rh8 {[%clk 01:07:31]} {[%emt 00:06:25]} 17. Qb2+ {[%clk 01:06:07]}
{[%emt 00:00:34]} e5 {[%clk 01:06:19]} {[%emt 00:01:42]} 18. Qxe5+ {[%clk
00:58:46]} {[%emt 00:07:51]} Qf6 {[%clk 01:06:09]} {[%emt 00:00:41]} 19. Qxf6+
{[%clk 00:57:21]} {[%emt 00:01:55]} Kxf6 {[%clk 01:06:32]} {[%emt 00:00:06]}
20. g3 {[%clk 00:57:49]} {[%emt 00:00:03]} Nd7 {[%clk 01:04:44]} {[%emt
00:02:16]} 21. f4 {[%clk 00:56:54]} {[%emt 00:01:25]} Rac8 {[%clk 01:02:05]}
{[%emt 00:03:11]} 22. Rbe1 {[%clk 00:54:53]} {[%emt 00:02:31]} Kg7 {[%clk
00:59:34]} {[%emt 00:03:00]} 23. e5 {[%clk 00:53:07]} {[%emt 00:02:16]} c4
{[%clk 00:58:41]} {[%emt 00:01:24]} 24. f5 {[%clk 00:46:55]} {[%emt 00:06:42]}
gxf5 {[%clk 00:55:49]} {[%emt 00:03:22]} 25. Rxf5 {[%clk 00:46:53]} {[%emt
00:00:31]} f6 {[%clk 00:54:56]} {[%emt 00:01:23]} 26. exf6+ {[%clk 00:45:55]}
{[%emt 00:01:29]} Nxf6 {[%clk 00:55:08]} {[%emt 00:00:18]} 27. Ref1 {[%clk
00:46:18]} {[%emt 00:00:06]} Ng4 {[%clk 00:55:01]} {[%emt 00:00:37]} 28. Ne6+
{[%clk 00:36:00]} {[%emt 00:10:49]} Kh6 {[%clk 00:54:53]} {[%emt 00:00:38]} 29.
Rg5 {[%clk 00:34:59]} {[%emt 00:01:31]} Rhg8 {[%clk 00:54:30]} {[%emt
00:00:54]} 30. d6 {[%clk 00:35:24]} {[%emt 00:00:05]} c3 {[%clk 00:53:52]}
{[%emt 00:01:07]} 31. d7 {[%clk 00:35:38]} {[%emt 00:00:15]} c2 {[%clk
00:53:54]} {[%emt 00:00:29]} 32. dxc8=Q {[%clk 00:34:22]} {[%emt 00:01:46]}
Rxc8 {[%clk 00:54:13]} {[%emt 00:00:11]} 33. Rc1 {[%clk 00:32:32]} {[%emt
00:02:20]} Ne3 {[%clk 00:54:27]} {[%emt 00:00:16]} 34. Nd4 {[%clk 00:32:07]}
{[%emt 00:00:56]} Rd8 {[%clk 00:54:08]} {[%emt 00:00:48]} 35. Nxc2 {[%clk
00:32:31]} {[%emt 00:00:06]} Rc8 {[%clk 00:54:27]} {[%emt 00:00:11]} 36. Nxe3
{[%clk 00:32:57]} {[%emt 00:00:04]} Rxc1+ {[%clk 00:54:51]} {[%emt 00:00:06]}
37. Kf2 {[%clk 00:33:20]} {[%emt 00:00:08]} 1-0

[Event "DVM U20 2023"]
[Site "Magdeburg GER"]
[Date "2023.12.28"]
[Round "3"]
[White "Kamp, Adrian"]
[Black "Hommer, Jeremy"]
[Result "1/2-1/2"]
[Termination "normal"]
[Board "1.3"]
[BlackTitle "FM"]
[WhiteElo "2042"]
[BlackElo "2305"]
[WhiteClock "01:27:21"]
[BlackClock "01:36:02"]
[WhiteTeam "SK Münster 32"]
[BlackTeam "Hamburger SK 1830"]
[PlyCount "36"]
[WhiteFideId "16222466"]
[BlackFideId "12992577"]
[EventCountry "GER"]
[EventRounds "7"]
[EventType "team-swiss"]
[EventDate "2023.12.26"]

1. e4 {[%clk 01:30:47]} {[%emt 00:00:11]} c6 {[%clk 01:30:56]} {[%emt
00:00:05]} 2. d4 {[%clk 01:31:03]} {[%emt 00:00:14]} d5 {[%clk 01:31:18]}
{[%emt 00:00:07]} 3. e5 {[%clk 01:31:17]} {[%emt 00:00:15]} Bf5 {[%clk
01:31:34]} {[%emt 00:00:14]} 4. h4 {[%clk 01:31:09]} {[%emt 00:00:39]} h6
{[%clk 01:31:57]} {[%emt 00:00:07]} 5. g4 {[%clk 01:31:14]} {[%emt 00:00:24]}
Be4 {[%clk 01:32:16]} {[%emt 00:00:10]} 6. f3 {[%clk 01:31:35]} {[%emt
00:00:11]} Bh7 {[%clk 01:32:37]} {[%emt 00:00:08]} 7. e6 {[%clk 01:31:56]}
{[%emt 00:00:11]} Qd6 {[%clk 01:32:59]} {[%emt 00:00:06]} 8. exf7+ {[%clk
01:32:19]} {[%emt 00:00:08]} Kxf7 {[%clk 01:33:24]} {[%emt 00:00:05]} 9. f4
{[%clk 01:32:41]} {[%emt 00:00:09]} Nf6 {[%clk 01:33:41]} {[%emt 00:00:13]} 10.
Nf3 {[%clk 01:33:05]} {[%emt 00:00:06]} Nxg4 {[%clk 01:34:06]} {[%emt
00:00:06]} 11. Bh3 {[%clk 01:33:15]} {[%emt 00:00:19]} h5 {[%clk 01:34:20]}
{[%emt 00:00:15]} 12. Bxg4 {[%clk 01:31:12]} {[%emt 00:02:33]} hxg4 {[%clk
01:34:36]} {[%emt 00:00:15]} 13. Ne5+ {[%clk 01:29:48]} {[%emt 00:01:53]} Ke8
{[%clk 01:34:45]} {[%emt 00:00:22]} 14. Qxg4 {[%clk 01:29:42]} {[%emt
00:00:36]} Be4 {[%clk 01:35:08]} {[%emt 00:00:06]} 15. Qc8+ {[%clk 01:26:13]}
{[%emt 00:04:00]} Qd8 {[%clk 01:35:37]} {[%emt 00:00:03]} 16. Qe6 {[%clk
01:26:35]} {[%emt 00:00:07]} Qd6 {[%clk 01:35:46]} {[%emt 00:00:21]} 17. Qc8+
{[%clk 01:26:58]} {[%emt 00:00:06]} Qd8 {[%clk 01:35:55]} {[%emt 00:00:21]} 18.
Qe6 {[%clk 01:27:21]} {[%emt 00:00:07]} Qd6 {[%clk 01:36:02]} {[%emt 00:00:23]}
1/2-1/2

[Event "DVM U20 2023"]
[Site "Magdeburg GER"]
[Date "2023.12.28"]
[Round "3"]
[White "Weihrauch, Jakob"]
[Black "Meyer, Emil"]
[Result "1-0"]
[Termination "normal"]
[Board "1.4"]
[WhiteTitle "FM"]
[WhiteElo "2257"]
[BlackElo "1919"]
[WhiteClock "00:07:11"]
[BlackClock "00:20:15"]
[WhiteTeam "Hamburger SK 1830"]
[BlackTeam "SK Münster 32"]
[PlyCount "99"]
[WhiteFideId "16210115"]
[BlackFideId "34625771"]
[EventCountry "GER"]
[EventRounds "7"]
[EventType "team-swiss"]
[EventDate "2023.12.26"]

1. e4 {[%clk 01:30:57]} {[%emt 00:31:40]} c5 {[%clk 01:30:52]} {[%emt
00:00:08]} 2. Nf3 {[%clk 01:31:21]} {[%emt 00:00:06]} Nc6 {[%clk 01:31:17]}
{[%emt 00:00:05]} 3. d4 {[%clk 01:31:31]} {[%emt 00:00:21]} cxd4 {[%clk
01:31:40]} {[%emt 00:00:05]} 4. Nxd4 {[%clk 01:31:57]} {[%emt 00:00:05]} e5
{[%clk 01:32:03]} {[%emt 00:00:06]} 5. Nb5 {[%clk 01:32:24]} {[%emt 00:00:04]}
d6 {[%clk 01:32:27]} {[%emt 00:00:05]} 6. N1c3 {[%clk 01:32:40]} {[%emt
00:00:15]} a6 {[%clk 01:32:51]} {[%emt 00:00:06]} 7. Na3 {[%clk 01:33:06]}
{[%emt 00:00:05]} b5 {[%clk 01:33:15]} {[%emt 00:00:05]} 8. Nd5 {[%clk
01:33:27]} {[%emt 00:00:09]} Nge7 {[%clk 01:33:41]} {[%emt 00:00:05]} 9. c4
{[%clk 01:32:47]} {[%emt 00:01:11]} Nxd5 {[%clk 01:34:05]} {[%emt 00:00:05]}
10. exd5 {[%clk 01:32:32]} {[%emt 00:00:46]} Nd4 {[%clk 01:34:21]} {[%emt
00:00:13]} 11. cxb5 {[%clk 01:30:23]} {[%emt 00:02:40]} Bd7 {[%clk 01:34:42]}
{[%emt 00:00:09]} 12. bxa6 {[%clk 01:22:11]} {[%emt 00:08:43]} Qa5+ {[%clk
01:35:04]} {[%emt 00:00:07]} 13. Qd2 {[%clk 01:14:34]} {[%emt 00:08:07]} Qxd5
{[%clk 01:34:13]} {[%emt 00:01:20]} 14. f3 {[%clk 01:14:56]} {[%emt 00:00:09]}
Be7 {[%clk 01:28:05]} {[%emt 00:06:37]} 15. Qf2 {[%clk 01:04:37]} {[%emt
00:10:50]} Qc6 {[%clk 01:12:17]} {[%emt 00:16:17]} 16. Bd3 {[%clk 00:54:39]}
{[%emt 00:10:28]} d5 {[%clk 01:11:35]} {[%emt 00:01:12]} 17. Nc2 {[%clk
00:43:39]} {[%emt 00:11:31]} Nxc2+ {[%clk 01:02:46]} {[%emt 00:09:18]} 18. Qxc2
{[%clk 00:43:01]} {[%emt 00:01:09]} Qb6 {[%clk 01:01:15]} {[%emt 00:02:00]} 19.
Qe2 {[%clk 00:38:40]} {[%emt 00:04:52]} O-O {[%clk 00:59:01]} {[%emt 00:02:44]}
20. Be3 {[%clk 00:36:21]} {[%emt 00:02:49]} Bb4+ {[%clk 00:55:59]} {[%emt
00:03:31]} 21. Kf2 {[%clk 00:28:09]} {[%emt 00:08:44]} d4 {[%clk 00:49:48]}
{[%emt 00:06:41]} 22. Bd2 {[%clk 00:27:25]} {[%emt 00:01:14]} Bxd2 {[%clk
00:43:30]} {[%emt 00:06:47]} 23. Qxd2 {[%clk 00:27:53]} {[%emt 00:00:02]} f5
{[%clk 00:43:54]} {[%emt 00:00:08]} 24. Rhd1 {[%clk 00:26:19]} {[%emt
00:02:02]} Bc8 {[%clk 00:27:44]} {[%emt 00:16:40]} 25. b4 {[%clk 00:26:30]}
{[%emt 00:00:19]} Kh8 {[%clk 00:26:20]} {[%emt 00:01:52]} 26. Kg1 {[%clk
00:25:19]} {[%emt 00:01:43]} Bxa6 {[%clk 00:26:40]} {[%emt 00:00:09]} 27. b5
{[%clk 00:24:00]} {[%emt 00:01:50]} Bb7 {[%clk 00:26:46]} {[%emt 00:00:24]} 28.
a4 {[%clk 00:21:45]} {[%emt 00:02:46]} e4 {[%clk 00:25:27]} {[%emt 00:01:48]}
29. a5 {[%clk 00:21:24]} {[%emt 00:00:51]} Qg6 {[%clk 00:24:41]} {[%emt
00:01:16]} 30. Bf1 {[%clk 00:18:09]} {[%emt 00:03:47]} d3 {[%clk 00:22:26]}
{[%emt 00:02:46]} 31. f4 {[%clk 00:08:58]} {[%emt 00:09:41]} Bd5 {[%clk
00:11:21]} {[%emt 00:11:34]} 32. Qe3 {[%clk 00:08:51]} {[%emt 00:00:37]} Bc4
{[%clk 00:09:41]} {[%emt 00:02:10]} 33. Rdb1 {[%clk 00:07:30]} {[%emt
00:01:51]} Qf6 {[%clk 00:09:15]} {[%emt 00:00:55]} 34. Ra4 {[%clk 00:07:22]}
{[%emt 00:00:38]} Qe6 {[%clk 00:07:34]} {[%emt 00:02:12]} 35. a6 {[%emt
00:02:40]} Rfb8 {[%clk 00:07:10]} {[%emt 00:00:52]} 36. Rab4 {[%clk 00:03:16]}
{[%emt 00:02:28]} h6 {[%clk 00:07:02]} {[%emt 00:00:39]} 37. a7 {[%clk
00:02:34]} {[%emt 00:01:11]} Rb7 {[%clk 00:06:12]} {[%emt 00:01:19]} 38. b6
{[%clk 00:02:58]} {[%emt 00:00:07]} Rc8 {[%clk 00:05:36]} {[%emt 00:01:07]} 39.
Ra1 {[%clk 00:02:03]} {[%emt 00:01:25]} Ra8 {[%clk 00:05:57]} {[%emt 00:00:09]}
40. Rc1 {[%clk 00:00:56]} {[%emt 00:01:37]} Bd5 {[%clk 00:06:10]} {[%emt
00:00:16]} 41. Qd4 {[%clk 00:24:58]} {[%emt 00:06:28]} Qd6 {[%clk 00:25:32]}
{[%emt 00:11:07]} 42. Rb5 {[%clk 00:14:19]} {[%emt 00:11:10]} Qxf4 {[%clk
00:24:33]} {[%emt 00:01:30]} 43. Rxd5 {[%clk 00:08:51]} {[%emt 00:05:57]} Qxc1
{[%clk 00:23:46]} {[%emt 00:01:17]} 44. Rd8+ {[%clk 00:09:18]} {[%emt
00:00:03]} Kh7 {[%clk 00:24:04]} {[%emt 00:00:12]} 45. Rxa8 {[%clk 00:09:30]}
{[%emt 00:00:19]} d2 {[%clk 00:22:28]} {[%emt 00:02:05]} 46. Rh8+ {[%clk
00:08:59]} {[%emt 00:01:01]} Kg6 {[%clk 00:20:16]} {[%emt 00:02:41]} 47. Qd6+
{[%clk 00:06:48]} {[%emt 00:02:42]} Kh5 {[%clk 00:20:02]} {[%emt 00:00:45]} 48.
a8=Q {[%clk 00:07:07]} {[%emt 00:00:10]} d1=Q {[%clk 00:20:13]} {[%emt
00:00:19]} 49. Qe8+ {[%clk 00:06:45]} {[%emt 00:00:52]} Kg5 {[%clk 00:20:15]}
{[%emt 00:00:29]} 50. Qeg6+ {[%clk 00:07:11]} {[%emt 00:00:04]} 1-0

[Event "DVM U20 2023"]
[Site "Magdeburg GER"]
[Date "2023.12.28"]
[Round "3"]
[White "Klugstedt, Vincent"]
[Black "Avdic, Faris"]
[Result "0-1"]
[Termination "normal"]
[Board "1.5"]
[WhiteElo "1984"]
[BlackElo "2197"]
[WhiteClock "00:01:19"]
[BlackClock "00:00:38"]
[WhiteTeam "SK Münster 32"]
[BlackTeam "Hamburger SK 1830"]
[PlyCount "81"]
[WhiteFideId "16216393"]
[BlackFideId "14422328"]
[EventCountry "GER"]
[EventRounds "7"]
[EventType "team-swiss"]
[EventDate "2023.12.26"]

1. d4 {[%clk 01:30:57]} {[%emt 00:00:03]} Nf6 {[%emt 00:01:12]} 2. c4 {[%emt
00:00:17]} c5 {[%emt 00:01:02]} 3. d5 {[%emt 00:00:43]} b5 {[%emt 00:00:19]} 4.
cxb5 {[%clk 01:29:49]} {[%emt 00:00:18]} a6 {[%clk 01:31:10]} {[%emt 00:00:07]}
5. Nc3 {[%emt 00:00:40]} axb5 {[%emt 00:01:05]} 6. Nxb5 {[%clk 01:29:10]}
{[%emt 00:00:02]} Qa5+ {[%emt 00:00:21]} 7. Nc3 {[%clk 01:29:23]} {[%emt
00:00:05]} Ne4 {[%emt 00:05:52]} 8. Qc2 {[%clk 01:23:48]} {[%emt 00:00:26]}
Nxc3 {[%emt 00:01:45]} 9. Qxc3 {[%clk 01:22:43]} {[%emt 00:00:02]} Qxc3+ {[%clk
01:32:35]} {[%emt 00:00:22]} 10. bxc3 {[%clk 01:23:07]} {[%emt 00:00:06]} g6
{[%emt 00:05:42]} 11. e4 {[%clk 01:13:27]} {[%emt 00:04:31]} Bg7 {[%clk
01:33:07]} {[%emt 00:00:24]} 12. Kd2 {[%clk 01:11:43]} {[%emt 00:02:14]} Na6
{[%clk 01:32:47]} {[%emt 00:00:48]} 13. Rb1 {[%clk 00:57:18]} {[%emt 00:14:56]}
Nc7 {[%clk 01:31:24]} {[%emt 00:01:53]} 14. Bc4 {[%clk 00:53:58]} {[%emt
00:03:50]} Ra4 {[%clk 01:25:13]} {[%emt 00:06:40]} 15. Kd3 {[%clk 00:53:19]}
{[%emt 00:01:09]} f5 {[%clk 01:25:29]} {[%emt 00:00:15]} 16. f3 {[%clk
00:46:42]} {[%emt 00:07:07]} Ba6 {[%clk 01:25:42]} {[%emt 00:00:16]} 17. Bxa6
{[%clk 00:44:37]} {[%emt 00:02:37]} Nxa6 {[%clk 01:26:10]} {[%emt 00:00:01]}
18. a3 {[%clk 00:30:29]} {[%emt 00:14:38]} c4+ {[%emt 00:03:21]} 19. Kc2 {[%emt
00:07:18]} O-O {[%emt 00:11:36]} 20. Rb7 {[%clk 00:19:20]} {[%emt 00:01:57]}
Nc5 {[%emt 00:03:11]} 21. Rb4 {[%emt 00:07:08]} fxe4 {[%emt 00:02:59]} 22. Be3
{[%emt 00:01:20]} Rxb4 {[%emt 00:08:48]} 23. axb4 {[%clk 00:05:16]} {[%emt
00:00:05]} Nd3 {[%clk 01:08:56]} {[%emt 00:00:13]} 24. Ne2 {[%clk 00:04:32]}
{[%emt 00:01:14]} exf3 {[%clk 01:07:56]} {[%emt 00:01:31]} 25. gxf3 {[%clk
00:04:51]} {[%emt 00:00:12]} Rxf3 {[%clk 01:07:34]} {[%emt 00:00:51]} 26. Ba7
{[%clk 00:04:00]} {[%emt 00:01:22]} Rf5 {[%clk 00:59:23]} {[%emt 00:08:40]} 27.
b5 {[%clk 00:02:05]} {[%emt 00:02:26]} Rxd5 {[%clk 00:59:46]} {[%emt 00:00:07]}
28. b6 {[%clk 00:01:43]} {[%emt 00:00:52]} Rb5 {[%clk 01:00:05]} {[%emt
00:00:11]} 29. Rb1 {[%clk 00:01:11]} {[%emt 00:01:02]} Rxb1 {[%clk 01:00:29]}
{[%emt 00:00:06]} 30. Kxb1 {[%clk 00:01:33]} {[%emt 00:00:07]} Nc5 {[%clk
01:00:58]} {[%emt 00:00:02]} 31. Bb8 {[%clk 00:00:34]} {[%emt 00:01:30]} Kf7
{[%clk 01:00:58]} {[%emt 00:00:29]} 32. Kc2 {[%clk 00:00:34]} {[%emt 00:00:30]}
e6 {[%clk 01:01:17]} {[%emt 00:00:10]} 33. Nd4 {[%clk 00:00:48]} {[%emt
00:00:16]} Nb7 {[%clk 00:56:10]} {[%emt 00:05:37]} 34. Nb5 {[%clk 00:00:34]}
{[%emt 00:00:45]} Ke7 {[%clk 00:56:22]} {[%emt 00:00:18]} 35. Bf4 {[%clk
00:00:34]} {[%emt 00:00:30]} d5 {[%clk 00:56:23]} {[%emt 00:00:29]} 36. Bg5+
{[%emt 00:00:36]} Kd7 {[%clk 00:56:40]} {[%emt 00:00:09]} 37. Nc7 {[%clk
00:00:33]} {[%emt 00:00:29]} Be5 {[%clk 00:56:56]} {[%emt 00:00:13]} 38. Na6
{[%clk 00:00:43]} {[%emt 00:00:21]} Bxh2 {[%clk 00:57:14]} {[%emt 00:00:11]}
39. Nb4 {[%clk 00:00:50]} {[%emt 00:00:24]} Bd6 {[%clk 00:57:32]} {[%emt
00:00:11]} 0-1